Normal view
MARC view
Entry Personal Name
001 - CONTROL NUMBER
- control field: 588
003 - CONTROL NUMBER IDENTIFIER
- control field: OSt
005 - DATE AND TIME OF LATEST TRANSACTION
- control field: 20240626155050.0
008 - FIXED-LENGTH DATA ELEMENTS
- fixed length control field: 240626|| aca||aabn | a|a d
040 ## - CATALOGING SOURCE
- Original cataloging agency: OSt
- Transcribing agency: OSt
100 ## - HEADING--PERSONAL NAME
- Personal name: Ranganathan, S. R.
- Fuller form of name: (Shiyali Ramamrita),
- Dates associated with a name: 1892-1972
670 ## - SOURCE DATA FOUND
- Source citation: Work cat.: (OSt)17252: Ranganathan, S. R. (Shiyali Ramamrita), 1892-1972., Library book selection/, [1966]